| 000 | 01013nam a2200217 a 4500 | ||
|---|---|---|---|
| 005 | 20191224041820.0 | ||
| 008 | 160120s2006 ck fr|||| 000 0 spa d | ||
| 040 |
_aCO-BoIAVH _cCO-BoIAVH |
||
| 041 | 0 | _aspa | |
| 044 | _ack | ||
| 082 | 0 | 4 |
_a338.1 _bS47s |
| 111 | 2 |
_aSeminario Internacional sobre Economía Agrícola y de los Recursos Naturales _cMedellín _d2006 _nII |
|
| 245 | 1 | 0 |
_aII seminario internacional sobre economía agrícola y de los recursos naturales : _bseminario internacional / _cUniversidad de Antioquía, Facultad de Ciencias económicas, Grupo de Economía del Medio Ambiente, Gobernación de Antioquía, Departamento administrativo del medio ambiente |
| 260 |
_aMedellín : _bCentro de Investigaciones Económicas : _bUniversidad de Antioquía, _c2006. |
||
| 300 |
_a190 páginas ; _c24 x 17 cm. |
||
| 650 | 6 | _aConservación | |
| 650 | 6 | _aEconomía agrícola | |
| 650 | 6 | _aDegradación ambiental | |
| 710 | 2 | _aUniversidad de Antioquía | |
| 942 |
_cLIBRO _2ddc |
||
| 999 |
_c5932 _d5932 |
||